US cities that are larger than Wyoming - Statistics

General Stats
  • This quiz has been taken 63 times
  • The average score is 26 of 31
Answer Stats
City Population
(2010 census)
% Correct
Los Angeles 3.792.621
100%
New York City 8.175.133
98%
Chicago 2.695.598
96%
Dallas 1.197.816
96%
San Francisco 805.235
94%
Austin 790.390
92%
Denver 600.158
92%
Houston 2.100.263
92%
Phoenix 1.445.632
92%
Seattle 608.660
90%
Boston 617.594
88%
San Diego 1.307.402
88%
Detroit 713.777
85%
Portland 583.776
83%
San Antonio 1.327.407
83%
Washington 601.723
83%
Las Vegas 583.756
81%
Nashville 601.222
81%
San Jose 945.942
81%
Columbus 787.033
79%
Indianapolis 820.445
77%
Jacksonville 821.784
77%
Philadelphia 1.526.006
77%
Charlotte 731.424
73%
Memphis 646.889
73%
Oklahoma City 579.999
73%
Baltimore 620.961
69%
Fort Worth 741.206
69%
Milwaukee 594.833
69%
Louisville 597.337
63%
El Paso 649.121
60%
No matching quizzes found
Score Distribution
Percent of People with Each Score
Percentile by Number Answered
Your Score History
You have not taken this quiz